Clairo - Bags lyrics - Statistics

General Stats
  • This quiz has been taken 238 times
  • The average score is 33 of 42
Answer Stats
Hint Answer % Correct
Every ______ counts second
99%
I don't wanna ___ to you anymore talk
99%
you can call me by the ___ I gave you name
97%
Every ______ counts minute
94%
I don't wanna watch __ anymore, yeah TV
94%
Walking out the door with your ____ bags
92%
Walking out the door with ____ ____ your bags
92%
All these little ____ games
91%
I'm waiting for the right ____ time
91%
Walking out the door ____ ____ ____ with your bags
91%
Walking out the ____ ____ ____ ____ door with your bags
89%
Can you see me using everything to ____ ____? hold back
89%
but if you want the _______'s all mine pleasure
89%
Can you see __? me
88%
Can you ______ me out? figure
87%
Pour your glass of ____ wine
87%
I guess this _____ __ _____ could be worse
85%
Just doing it to _____ more time on the couch waste
81%
Cases under the ___ bed
80%
_________, yeah yesterday
78%
I can't ____ you read
76%
Know you'd make fun of __ me
73%
Can you see me? I'm waiting for the _____ ____ right time
73%
I'm not the type to ___ run
73%
but if you want the pleasure's ___ ____ all mine
71%
I know we're ______ ___ having fun
71%
I should probably ____ it all to myself keep
71%
________ told me I should be just fine, yeah Mitchell
71%
Savour this with __________ I have inside me everything
70%
But what's the ___? rush
70%
Spill it open, let it ____ to my head rush
68%
_______ out the door with your bags walking
68%
Can ___ ___ __ using everything to hold back? you see me
67%
I guess this could be _____, worse
66%
I don't wanna __ _______ be forward
65%
_______ ___ ___ ____ ____ ____ ____......... Walking out the door with your bags
65%
Pardon my ________ emotions
64%
I don't wanna ___ _______ cut corners
61%
Kiss, and then my _____ ___ __ _______ cheeks are so flushed
56%
_ ____ ____ ___, I can't read you
56%
_____ ______ melting in your mouth sugar coated
54%
____ ___ how I felt, Tell you
53%
No matching quizzes found
Score Distribution
Percent of People with Each Score
Percentile by Number Answered
Your Score History
You have not taken this quiz